[Event "Lichtenberger Sommer 2023"]
[Site "Berlin"]
[Date "2023.08.12"]
[Round "1.53"]
[White "Dreke, Frank"]
[Black "Eis, Cedric"]
[Result "1/2-1/2"]
[WhiteElo "1946"]
[BlackElo "1557"]
[PlyCount "84"]
[EventDate "2023.??.??"]
[WhiteTeam "SV Mattnetz Berlin e.V."]
[BlackTeam "SF Berlin 1903 e.V."]

1. e4 c5 2. Nf3 d6 3. d4 cxd4 4. Nxd4 Nf6 5. f3 a6 6. c4 g6 7. Nc3 Bg7 8. Be3
Nc6 9. Qd2 h5 10. Nxc6 bxc6 11. e5 dxe5 12. Qxd8+ Kxd8 13. Bb6+ Ke8 14. O-O-O
Nd7 15. Ba5 f5 16. Bd3 Nc5 17. Bc2 Be6 18. g4 hxg4 19. fxg4 Rh4 20. gxf5 gxf5
21. Bb6 Nd7 22. Bf2 Rh5 23. Ne2 e4 24. Kb1 Be5 25. b3 c5 26. Rdf1 Rxh2 27. Rxh2
Bxh2 28. Bg3 Bxg3 29. Nxg3 Nf6 30. Nxf5 Rd8 31. Kc1 Kd7 32. Ng3 e3 33. Re1 Ng4
34. Ne4 Kc6 35. Bd1 Rd4 36. Ng5 Bf5 37. Nf3 Rd6 38. Nh4 e6 39. Bxg4 Bxg4 40.
Rxe3 Rd1+ 41. Kc2 Rh1 42. Nf3 Bxf3 1/2-1/2

[Event "Lichtenberger Sommer 2023"]
[Site "Berlin"]
[Date "2023.08.12"]
[Round "1.54"]
[White "Rotermund, Verena"]
[Black "Guenther, Thomas"]
[Result "0-1"]
[WhiteElo "1553"]
[BlackElo "1945"]
[PlyCount "74"]
[EventDate "2023.??.??"]
[WhiteTeam "Vorw.Orient Mainz"]
[BlackTeam "vereinslos"]

1. e4 c5 2. Nc3 Nc6 3. Bc4 d6 4. f4 Nf6 5. Nf3 Bg4 6. h3 Bxf3 7. Qxf3 Nd4 8.
Qd1 e6 9. O-O Be7 10. d3 a6 11. a4 d5 12. exd5 exd5 13. Ba2 O-O 14. Ne2 Nc6 15.
Bd2 b5 16. Bb1 b4 17. c3 Re8 18. Ng3 Qd7 19. Qf3 Rab8 20. cxb4 Nxb4 21. d4 cxd4
22. Bf5 Qb7 23. Rac1 Bf8 24. Nh5 Nxh5 25. Qxh5 g6 26. Qg4 Bg7 27. Bd7 h5 28.
Qg3 Qxd7 29. f5 Be5 30. Qg5 Qd6 31. Qh6 Nd3 32. Rcd1 Nxb2 33. Rde1 Bg7 34. Qg5
Rxe1 35. Bxe1 Be5 36. f6 Nd3 37. Qd2 Nxe1 0-1

[Event "Lichtenberger Sommer 2023"]
[Site "Berlin"]
[Date "2023.08.12"]
[Round "1.55"]
[White "Paashaus, Detlef"]
[Black "Hildebrand, Jörg"]
[Result "1/2-1/2"]
[WhiteElo "1931"]
[BlackElo "1552"]
[PlyCount "74"]
[EventDate "2023.??.??"]
[WhiteTeam "HSK Lister Turm"]
[BlackTeam "SF Berlin 1903 e.V."]

1. d4 a6 2. Nf3 c6 3. e3 d5 4. h3 Nd7 5. c4 e6 6. Nc3 Ngf6 7. Bd3 dxc4 8. Bxc4
Be7 9. O-O b5 10. Bb3 O-O 11. Bc2 Bb7 12. Qe2 c5 13. a3 cxd4 14. exd4 Nd5 15.
Qd3 N7f6 16. Bg5 g6 17. Ne2 Nh5 18. Bh6 Re8 19. Ne5 Bf6 20. Rac1 Qe7 21. Bb3
Rac8 22. g4 Ng7 23. Nc3 Nxc3 24. Rxc3 Red8 25. Qe3 Rxc3 26. bxc3 Qc7 27. Bf4
Qa5 28. Bh6 Qxa3 29. Bxg7 Kxg7 30. Nxf7 Rd7 31. Bxe6 Rxf7 32. Bxf7 Kxf7 33. Re1
Qe7 34. Qd2 Qd6 35. Qe3 Qe7 36. Qd2 Qd6 37. Qe3 Qe7 1/2-1/2

[Event "Lichtenberger Sommer 2023"]
[Site "Berlin"]
[Date "2023.08.12"]
[Round "1.56"]
[White "Bernhofen, Helmut"]
[Black "Meister, Alexander"]
[Result "0-1"]
[WhiteElo "1549"]
[BlackElo "1926"]
[PlyCount "76"]
[EventDate "2023.??.??"]
[WhiteTeam "SC Kreuzberg e.V."]
[BlackTeam "SK Präsident"]

1. c4 c6 2. Nc3 d5 3. cxd5 cxd5 4. d4 Nf6 5. e3 Nc6 6. Nf3 e6 7. Be2 Bd6 8. a3
O-O 9. Qc2 Bd7 10. h4 Rc8 11. Bd3 h6 12. Ng5 e5 13. Nh7 Nxh7 14. Bxh7+ Kh8 15.
Bf5 exd4 16. Bxd7 Qxd7 17. Nxd5 Nb4 18. Nxb4 Rxc2 19. Nxc2 d3 20. Nd4 Qg4 21.
g3 Be5 22. O-O Bxd4 23. exd4 Re8 24. Be3 Rxe3 25. fxe3 Qxg3+ 26. Kh1 Qh3+ 27.
Kg1 Qxe3+ 28. Kg2 Qxd4 29. b4 d2 30. Rad1 g6 31. Kg3 Qd3+ 32. Kg2 Qe2+ 33. Kg1
f5 34. Rb1 Kg7 35. h5 g5 36. a4 f4 37. b5 f3 38. Rbd1 Qg2# 0-1

[Event "Lichtenberger Sommer 2023"]
[Site "Berlin"]
[Date "2023.08.12"]
[Round "1.57"]
[White "Bauder, Herbert"]
[Black "Berndt, Ronson"]
[Result "1/2-1/2"]
[WhiteElo "1926"]
[BlackElo "1544"]
[PlyCount "51"]
[EventDate "2023.??.??"]
[WhiteTeam "SG Lasker Steglitz"]
[BlackTeam "SC Borussia Lichtenberg"]

1. d4 d5 2. Nf3 Nf6 3. c4 c6 4. Nc3 e6 5. Bg5 Be7 6. e3 h6 7. Bh4 Nbd7 8. Qc2
Nh5 9. Bxe7 Qxe7 10. Be2 Nhf6 11. Rd1 O-O 12. O-O Rd8 13. Rfe1 b6 14. a3 Bb7
15. cxd5 cxd5 16. Qa4 a6 17. Qb3 b5 18. a4 b4 19. Na2 a5 20. Nc1 Rac8 21. Nd3
Ba6 22. Nde5 Bxe2 23. Rxe2 Ne4 24. Rc2 Nxe5 25. Nxe5 Qb7 26. Rdc1 1/2-1/2

[Event "Lichtenberger Sommer 2023"]
[Site "Berlin"]
[Date "2023.08.12"]
[Round "1.58"]
[White "Franz, Jonathan"]
[Black "Heß, Jürgen"]
[Result "0-1"]
[WhiteElo "1537"]
[BlackElo "1922"]
[PlyCount "100"]
[EventDate "2023.??.??"]
[WhiteTeam "Potsdamer SV Mitte e.V."]
[BlackTeam "SG Arnstadt-Stadtilm"]

1. Nf3 Nf6 2. b3 g6 3. e3 Bg7 4. Bb2 d5 5. c4 O-O 6. Nc3 c5 7. cxd5 Nxd5 8. d4
Nc6 9. Nxd5 Qxd5 10. Bc4 Qd8 11. O-O Bg4 12. Be2 cxd4 13. exd4 Nb4 14. h3 Bxf3
15. Bxf3 Nd5 16. Qd2 Qd7 17. Rac1 e6 18. Rc5 b6 19. Rc4 Rac8 20. Rfc1 Rxc4 21.
bxc4 Ne7 22. Rd1 Rd8 23. d5 e5 24. Re1 f6 25. Rd1 Nf5 26. Bg4 h5 27. Bxf5 Qxf5
28. d6 Qe4 29. Qd5+ Qxd5 30. Rxd5 Rd7 31. Ba3 Kf7 32. c5 bxc5 33. Rxc5 Bf8 34.
Rc7 Ke6 35. Bc5 a6 36. Rc6 Kd5 37. Rc7 Rd8 38. Bb4 Bxd6 39. Bxd6 Rxd6 40. h4 e4
41. Rg7 f5 42. Kf1 Kc5 43. Rb7 Rb6 44. Rc7+ Kb4 45. Rc2 Ka3 46. g3 Rb1+ 47. Kg2
Rb2 48. Rc6 a5 49. Ra6 a4 50. Rxg6 e3 0-1

[Event "Lichtenberger Sommer 2023"]
[Site "Berlin"]
[Date "2023.08.12"]
[Round "1.59"]
[White "Möwisch, Dave"]
[Black "Mazurtsova, Margarita"]
[Result "1-0"]
[WhiteElo "1922"]
[BlackElo "1526"]
[PlyCount "91"]
[EventDate "2023.??.??"]
[WhiteTeam "Potsdamer SV Mitte e.V."]
[BlackTeam "SC Kreuzberg e.V."]

1. e4 e6 2. d4 d5 3. Nc3 dxe4 4. Nxe4 Nd7 5. Nf3 Ngf6 6. Bg5 Be7 7. Bxf6 Nxf6
8. Bd3 O-O 9. Qe2 Nd5 10. g3 Bd7 11. Ne5 Nb4 12. c3 Nxd3+ 13. Qxd3 Bd6 14. Nxd7
Qxd7 15. Ng5 g6 16. h4 Be7 17. O-O-O Qd5 18. Qe3 Qxa2 19. h5 Qa1+ 20. Kc2 Qa4+
21. Kb1 Qb5 22. Nxh7 Qf5+ 23. Kc1 g5 24. Nxf8 Bxf8 25. g4 Qd5 26. Qe5 Rd8 27.
Qxd5 Rxd5 28. Kc2 c6 29. Rd3 Rd7 30. c4 Bg7 31. Rhd1 Kf8 32. d5 cxd5 33. cxd5
Ke7 34. d6+ Kd8 35. b4 b6 36. b5 Rb7 37. Kb3 Kd7 38. Rc1 Kd8 39. Rc6 Kd7 40.
Rf3 f6 41. Rfc3 Bf8 42. Rc7+ Rxc7 43. Rxc7+ Kxd6 44. Rf7 Bh6 45. Rxf6 Bg7 46.
Rg6 1-0

[Event "Lichtenberger Sommer 2023"]
[Site "Berlin"]
[Date "2023.08.12"]
[Round "1.60"]
[White "Schacht, Thomas"]
[Black "Allgaier, Erik"]
[Result "0-1"]
[WhiteElo "1518"]
[BlackElo "1922"]
[PlyCount "117"]
[EventDate "2023.??.??"]
[WhiteTeam "BSV 63 Chemie Weißensee"]
[BlackTeam "SC Hans Clauert Trebbin"]

1. d4 d6 2. c4 e5 3. dxe5 dxe5 4. Qxd8+ Kxd8 5. e4 Be6 6. Nc3 c6 7. f4 f6 8.
Nf3 Nd7 9. Be3 Bb4 10. O-O-O Kc7 11. fxe5 fxe5 12. Ng5 Bg4 13. Be2 Ngf6 14. h3
h6 15. Bxg4 hxg5 16. Bxd7 Nxd7 17. Bxg5 Bxc3 18. bxc3 Nc5 19. Rhf1 Nxe4 20.
Rf7+ Kb6 21. Be3+ Ka6 22. Kc2 Rhd8 23. Rb1 Nd6 24. Rxg7 Nxc4 25. Bc1 b5 26. Rg6
Kb6 27. a4 a6 28. Rg4 Kc7 29. Re4 Rg8 30. Rg4 Kd6 31. Kb3 Ke6 32. Bh6 Rxg4 33.
hxg4 Rg8 34. axb5 axb5 35. Re1 Rxg4 36. Re2 Na5+ 37. Kc2 Nc4 38. Bf8 Rxg2 39.
Rxg2 Ne3+ 40. Kd3 Nxg2 41. Ke4 Nf4 42. Bc5 Nd5 43. Kd3 Kf5 44. Kd2 Ke4 45. Bd6
Nb6 46. Bc5 Na4 47. Bd6 Nb2 48. Kc2 Nc4 49. Bc5 Kf3 50. Kd3 e4+ 51. Kc2 e3 52.
Be7 Ke2 53. Bh4 Ne5 54. Bg3 Nf3 55. Kb3 Kd3 56. Kb4 e2 57. Kb3 e1=Q 58. Bxe1
Nxe1 59. Kb2 0-1

[Event "Lichtenberger Sommer 2023"]
[Site "Berlin"]
[Date "2023.08.12"]
[Round "1.61"]
[White "Zesewitz, Martin"]
[Black "Ettel, Ralf"]
[Result "1/2-1/2"]
[WhiteElo "1916"]
[BlackElo "1511"]
[PlyCount "94"]
[EventDate "2023.??.??"]
[WhiteTeam "SV SF Friedrichshagen"]
[BlackTeam "SK König Tegel 1949 e.V."]

1. f4 d5 2. Nf3 Nf6 3. e3 c5 4. b3 Nc6 5. Bb5 Bd7 6. Bb2 a6 7. Bxc6 Bxc6 8. O-O
g6 9. d3 Bg7 10. Nbd2 O-O 11. Qe1 Re8 12. Ne5 Nd7 13. Nxc6 bxc6 14. Bxg7 Kxg7
15. Nf3 Nf6 16. Qh4 Qd6 17. Rae1 h6 18. e4 dxe4 19. dxe4 Nh5 20. f5 e5 21. Rd1
Qf6 22. fxg6 Qxg6 23. Qe1 Nf4 24. Nh4 Qg4 25. Nf5+ Kh7 26. g3 Rg8 27. Rd6 Rg6
28. Rd7 Rf8 29. Kh1 Qh3 30. Rg1 Qg4 31. Qd1 Nh3 32. Qxg4 Rxg4 33. Rf1 Rxe4 34.
Kg2 Ng5 35. h4 Re2+ 36. Rf2 Rxf2+ 37. Kxf2 Ne6 38. Rd6 Nd4 39. Rxh6+ Kg8 40.
Ne3 Kg7 41. Rd6 f5 42. c3 f4 43. cxd4 fxe3+ 44. Kxe3 cxd4+ 45. Ke4 Rf6 46. Rd7+
Rf7 47. Rd8 Rf8 1/2-1/2

[Event "Lichtenberger Sommer 2023"]
[Site "Berlin"]
[Date "2023.08.12"]
[Round "1.62"]
[White "Reekers, Anton"]
[Black "Hauer, Andreas"]
[Result "0-1"]
[WhiteElo "1508"]
[BlackElo "1912"]
[PlyCount "58"]
[EventDate "2023.??.??"]
[WhiteTeam "SC Kreuzberg e.V."]
[BlackTeam "SC Turm Illingen"]

1. d4 d5 2. Nf3 c5 3. c3 Nf6 4. Bf4 e6 5. e3 Bd6 6. Bd3 Qc7 7. Bxd6 Qxd6 8.
Nbd2 Nbd7 9. Qe2 e5 10. dxe5 Nxe5 11. Bc2 O-O 12. O-O Bg4 13. h3 Bh5 14. Bd1
Rfe8 15. Qb5 a6 16. Qb3 Nc6 17. Re1 Bg6 18. Be2 c4 19. Qd1 Rad8 20. Nh4 b5 21.
Nxg6 hxg6 22. a3 Ne4 23. Nf3 a5 24. Nd4 Rb8 25. Qc2 b4 26. axb4 axb4 27. Ra6
Nxd4 28. Rxd6 Nxc2 29. Rc1 Nxd6 0-1

[Event "Lichtenberger Sommer 2023"]
[Site "Berlin"]
[Date "2023.08.12"]
[Round "1.63"]
[White "Kuhn, Christian"]
[Black "Schade, Stanley"]
[Result "1-0"]
[WhiteElo "1911"]
[BlackElo "1500"]
[PlyCount "113"]
[EventDate "2023.??.??"]
[WhiteTeam "SK König Tegel 1949 e.V."]
[BlackTeam "vereinslos"]

1. e4 c6 2. d4 d5 3. e5 c5 4. dxc5 e6 5. a3 Bxc5 6. Qg4 Ne7 7. Bd3 O-O 8. Nf3
Ng6 9. h4 Nc6 10. Bxg6 fxg6 11. h5 g5 12. Bxg5 Qc7 13. Bf4 Nd4 14. Nxd4 Bxd4
15. c3 Bxe5 16. Be3 Bd7 17. g3 a6 18. Nd2 Bf6 19. Qd1 Bc6 20. O-O e5 21. Nf3
Qd7 22. Kh2 Qf5 23. Nd2 d4 24. g4 Qd7 25. cxd4 exd4 26. Bf4 Bd8 27. Bg3 Kh8 28.
f3 b5 29. Qb3 Rc8 30. Qd3 Bb6 31. Rad1 Rce8 32. Ne4 h6 33. Kh3 Qd5 34. b3 Bd7
35. Bd6 Rf7 36. Kg2 Be6 37. b4 Qb7 38. Rfe1 Qd7 39. Bc5 Bc4 40. Qxd4 Qxd4 41.
Bxd4 Bxd4 42. Rxd4 Ref8 43. Nd2 Rf4 44. Rxf4 Rxf4 45. Re4 Rxe4 46. Nxe4 Be6 47.
Nc5 Bc8 48. Kg3 Kg8 49. Ne4 Kf8 50. Kf4 Ke7 51. Ke5 Bb7 52. f4 Bc6 53. g5 hxg5
54. fxg5 Bb7 55. Nc5 Bc8 56. h6 gxh6 57. gxh6 1-0

[Event "Lichtenberger Sommer 2023"]
[Site "Berlin"]
[Date "2023.08.12"]
[Round "1.64"]
[White "Janoschka, Julien"]
[Black "Knol, Daniel"]
[Result "1/2-1/2"]
[WhiteElo "1480"]
[BlackElo "1910"]
[PlyCount "99"]
[EventDate "2023.??.??"]
[WhiteTeam "SF Nordost Berlin"]
[BlackTeam "Schaakvereniging Almere"]

1. Nc3 d5 2. e4 d4 3. Nce2 e5 4. Ng3 Be6 5. Bb5+ c6 6. Ba4 Nf6 7. Nf3 Nbd7 8.
Bb3 Bxb3 9. axb3 g6 10. d3 Bg7 11. O-O O-O 12. Bd2 Ne8 13. h4 Nd6 14. h5 Qe7
15. Ng5 h6 16. Nh3 g5 17. f3 f5 18. exf5 Nxf5 19. Nxf5 Rxf5 20. g4 Rf7 21. Nf2
Nf6 22. Qe2 Nd5 23. Ne4 Bf8 24. Ng3 Qf6 25. Qe4 Bb4 26. Bxb4 Nxb4 27. Rf2 Nd5
28. Nf5 Nf4 29. Rff1 Nxh5 30. Nxh6+ Qxh6 31. gxh5 Qxh5 32. Qxe5 Qh3 33. Rf2 Rh7
34. Qh2 Qf5 35. Qg2 Rh4 36. Re1 Rf8 37. Re4 Rf4 38. Rxf4 Qxf4 39. Qg4 Qe3 40.
Qe4 Rf4 41. Qxe3 dxe3 42. Rf1 e2 43. Re1 Rxf3 44. Rxe2 Kf7 45. Kg2 Rf6 46. Re5
Kg6 47. Re4 Kf5 48. Kg3 Re6 49. Rc4 Re1 50. b4 1/2-1/2

[Event "Lichtenberger Sommer 2023"]
[Site "Berlin"]
[Date "2023.08.12"]
[Round "1.65"]
[White "Mannaberg, Steffen"]
[Black "Kellner, Rene"]
[Result "0-1"]
[WhiteElo "1903"]
[BlackElo "1480"]
[PlyCount "102"]
[EventDate "2023.??.??"]
[WhiteTeam "vereinslos"]
[BlackTeam "Potsdamer SV Mitte e.V."]

1. a3 d5 2. d4 c6 3. e3 Bf5 4. Bd3 Bxd3 5. Qxd3 Nf6 6. Nd2 Nbd7 7. Ngf3 e6 8.
b3 Be7 9. Bb2 O-O 10. h3 c5 11. c3 Rc8 12. b4 c4 13. Qc2 b5 14. O-O a5 15. e4
Nxe4 16. Nxe4 dxe4 17. Qxe4 Nf6 18. Qc2 a4 19. Rad1 Nd5 20. Bc1 Re8 21. Rfe1
Bf6 22. g4 h6 23. Kg2 Qd6 24. Ne5 Bxe5 25. dxe5 Qc6 26. f3 Rcd8 27. Rd4 Qc7 28.
g5 h5 29. g6 fxg6 30. Qxg6 Qf7 31. Qg5 Rf8 32. f4 Qf5 33. Qxf5 Rxf5 34. Bd2
Rdf8 35. Kf3 g5 36. Rxd5 exd5 37. e6 Rxf4+ 38. Bxf4 Rxf4+ 39. Kg3 Re4 40. Rxe4
dxe4 41. h4 g4 42. Kf4 Kf8 43. Kxe4 Ke7 44. Kf4 Kxe6 45. Ke4 Kd6 46. Kd4 g3 47.
Ke3 Ke5 48. Kf3 g2 49. Kxg2 Ke4 50. Kg3 Kd3 51. Kf4 Kxc3 0-1

[Event "Lichtenberger Sommer 2023"]
[Site "Berlin"]
[Date "2023.08.12"]
[Round "1.66"]
[White "Koerber, Bernhard"]
[Black "Verbitsky, Jaroslaw"]
[Result "0-1"]
[WhiteElo "1451"]
[BlackElo "1901"]
[PlyCount "56"]
[EventDate "2023.??.??"]
[WhiteTeam "SG Lasker Stegli"]
[BlackTeam "SV Mattnetz Berlin e.V."]

1. e4 c6 2. d4 d5 3. e5 Bf5 4. Be3 e6 5. c4 Bb4+ 6. Nd2 Ne7 7. a3 Bxd2+ 8. Qxd2
O-O 9. Nf3 Nd7 10. c5 a5 11. Be2 b6 12. Rc1 bxc5 13. dxc5 Qc7 14. Bd4 Ng6 15.
Qc3 a4 16. O-O f6 17. exf6 gxf6 18. Bd3 Bxd3 19. Qxd3 e5 20. Bxe5 Ndxe5 21.
Nxe5 fxe5 22. Qg3 Rab8 23. Rc2 Qg7 24. Qc3 Rb5 25. g3 e4 26. Qxg7+ Kxg7 27. Rd1
Ne5 28. Kg2 Rfb8 0-1

[Event "Lichtenberger Sommer 2023"]
[Site "Berlin"]
[Date "2023.08.12"]
[Round "1.67"]
[White "Geldner, Gerrit"]
[Black "Geiß, Anne"]
[Result "1-0"]
[WhiteElo "1900"]
[BlackElo "1437"]
[PlyCount "103"]
[EventDate "2023.??.??"]
[WhiteTeam "SV Roter Turm Halle"]
[BlackTeam "SC Kreuzberg e.V."]

1. c4 Nf6 2. Nc3 e5 3. g3 d5 4. cxd5 Nxd5 5. Bg2 Nxc3 6. bxc3 c6 7. Rb1 Qc7 8.
d3 Bd6 9. Nf3 Nd7 10. O-O O-O 11. Nd2 Re8 12. Ne4 Be7 13. Be3 b6 14. a4 Rb8 15.
Qb3 Ba6 16. f4 Nc5 17. Qc2 Nxe4 18. Bxe4 exf4 19. Bxf4 Bd6 20. c4 Bxf4 21. Rxf4
Qe5 22. Kg2 Bb7 23. Rbf1 c5 24. Rxf7 Bxe4+ 25. dxe4 Qxe4+ 26. Qxe4 Rxe4 27.
Rxa7 Rxe2+ 28. Rf2 Rxf2+ 29. Kxf2 Rf8+ 30. Ke3 Rd8 31. Ra6 Rd4 32. Rxb6 Rxc4
33. a5 Ra4 34. a6 c4 35. Kd4 Kf7 36. Rc6 Ke7 37. Kc5 Kd7 38. Kb5 Ra1 39. Rxc4
Rb1+ 40. Ka5 Ra1+ 41. Ra4 Rxa4+ 42. Kxa4 Kc7 43. Kb5 h5 44. Kc5 g5 45. Kd5 Kb6
46. Ke5 Kxa6 47. Kf5 g4 48. Kg5 h4 49. gxh4 Kb6 50. h5 Kc7 51. h6 Kd7 52. h7
1-0

[Event "Lichtenberger Sommer 2023"]
[Site "Berlin"]
[Date "2023.08.12"]
[Round "1.68"]
[White "Morper, Justus"]
[Black "Strehlow, Horst"]
[Result "1/2-1/2"]
[WhiteElo "1432"]
[BlackElo "1900"]
[PlyCount "82"]
[EventDate "2023.??.??"]
[WhiteTeam "SV Mattnetz Berlin e.V."]
[BlackTeam "SG TT/WiHeil"]

1. e4 e6 2. d4 d5 3. e5 c5 4. c3 Nc6 5. Nf3 Bd7 6. a3 Rc8 7. b4 cxb4 8. axb4 a6
9. b5 axb5 10. Bxb5 Nxe5 11. Bxd7+ Nxd7 12. O-O Ngf6 13. Qb3 Qb6 14. Nbd2 Qxb3
15. Nxb3 Nb6 16. Na5 Ne4 17. Nxb7 Nxc3 18. Bd2 Ne4 19. Rfc1 Nc4 20. Na5 Nexd2
21. Nxd2 Bb4 22. Ndxc4 dxc4 23. Rxc4 Rxc4 24. Nxc4 O-O 25. Ne3 Bc3 26. Rd1 f5
27. d5 f4 28. Nc4 e5 29. d6 Kf7 30. f3 Bd4+ 31. Kf1 Ke6 32. Rd2 Rd8 33. h3 Kd5
34. Rc2 Bc5 35. Ke2 Ke6 36. Rd2 Bd4 37. Kd3 Kf5 38. Re2 Rd7 39. Re1 g5 40. Re2
h5 41. Re1 Rg7 1/2-1/2

[Event "Lichtenberger Sommer 2023"]
[Site "Berlin"]
[Date "2023.08.12"]
[Round "1.69"]
[White "Bolon, Karelle"]
[Black "Zesewitz, Marco"]
[Result "1-0"]
[WhiteElo "1899"]
[BlackElo "1427"]
[PlyCount "57"]
[EventDate "2023.??.??"]
[WhiteTeam "SF Berlin 1903 e.V."]
[BlackTeam "SV SF Friedrichshagen"]

1. d4 f5 2. Qd3 e6 3. c4 Nf6 4. Nc3 Bb4 5. Bd2 O-O 6. f3 b6 7. a3 Bxc3 8. Qxc3
Bb7 9. e3 Na6 10. b4 c5 11. b5 cxd4 12. exd4 Nc7 13. Bd3 Rc8 14. a4 d5 15. c5
bxc5 16. Qxc5 Ne4 17. fxe4 dxe4 18. Qxa7 exd3 19. Qxb7 Qxd4 20. Rc1 Qxa4 21.
Nf3 Nd5 22. Rxc8 Qe4+ 23. Kf2 Qe2+ 24. Kg3 h5 25. Rxf8+ Kxf8 26. Ra1 f4+ 27.
Kh3 Ne7 28. Ra8+ Kf7 29. Ra7 1-0

[Event "Lichtenberger Sommer 2023"]
[Site "Berlin"]
[Date "2023.08.12"]
[Round "1.70"]
[White "Nguyen, Viet Anh"]
[Black "Beran, Rolf-Dietrich"]
[Result "0-1"]
[WhiteElo "1425"]
[BlackElo "1899"]
[PlyCount "32"]
[EventDate "2023.??.??"]
[WhiteTeam "SC Friesen Lichtenberg e.V."]
[BlackTeam "SG Rot-Weiß Neuenhagen"]

1. e4 c5 2. Nf3 d6 3. d4 cxd4 4. Nxd4 Nf6 5. Nc3 g6 6. f3 Bg7 7. Be3 Nc6 8. Bc4
O-O 9. Qd2 Bd7 10. O-O-O Rc8 11. h4 Nxd4 12. Qxd4 Ng4 13. Qd3 Nxe3 14. Bxf7+
Rxf7 15. Qxe3 Qa5 16. Rd3 Be6 0-1

[Event "Lichtenberger Sommer 2023"]
[Site "Berlin"]
[Date "2023.08.12"]
[Round "1.71"]
[White "Omar, Samy"]
[Black "Oldenburg, Theo"]
[Result "1-0"]
[WhiteElo "1896"]
[BlackElo "1424"]
[PlyCount "61"]
[EventDate "2023.??.??"]
[BlackTeam "SV Berolina Mitte e.V."]

1. Nf3 Nf6 2. g3 d5 3. Bg2 Nbd7 4. d3 b6 5. O-O Bb7 6. Nbd2 e6 7. Re1 Bd6 8. e4
dxe4 9. Ng5 c6 10. Ndxe4 Nxe4 11. Nxe4 Bc7 12. Bg5 Nf6 13. d4 h6 14. Nxf6+ gxf6
15. Bh4 Bd6 16. Qh5 Kf8 17. Rad1 Be7 18. c4 f5 19. Bxe7+ Qxe7 20. d5 cxd5 21.
cxd5 Rd8 22. dxe6 Rxd1 23. Rxd1 Bxg2 24. Rd8+ Kg7 25. Rxh8 Qxe6 26. Qxh6+ Qxh6
27. Rxh6 Kxh6 28. Kxg2 Kg5 29. Kf3 f4 30. h4+ Kf5 31. g4+ 1-0

[Event "Lichtenberger Sommer 2023"]
[Site "Berlin"]
[Date "2023.08.12"]
[Round "1.72"]
[White "Hildebrand, Azat"]
[Black "Seth, Aakrit"]
[Result "0-1"]
[WhiteElo "1419"]
[BlackElo "1894"]
[PlyCount "102"]
[EventDate "2023.??.??"]
[WhiteTeam "SC Borussia Lichtenberg"]
[BlackTeam "SC Weisse Dame e.V."]

1. d4 d5 2. Nf3 Nf6 3. e3 e6 4. Bd3 Be7 5. Ne5 Nbd7 6. f4 c5 7. c3 c4 8. Bc2 h5
9. Qf3 Qc7 10. O-O b6 11. Nd2 Bb7 12. Re1 Rg8 13. h4 Nxe5 14. fxe5 Ng4 15. Qh3
O-O-O 16. g3 g5 17. hxg5 Rh8 18. Nf3 Rdg8 19. e4 dxe4 20. Bxe4 Bxe4 21. Rxe4
Qb7 22. Rf4 Bxg5 23. Nxg5 Rxg5 24. Rxf7 Qxf7 25. Bxg5 Qf2+ 26. Kh1 Qf5 27. Qh4
Qf3+ 28. Kg1 Qf2+ 29. Kh1 Rg8 30. Bf4 Qf3+ 31. Kg1 Ne3 32. Bxe3 Rxg3+ 33. Qxg3
Qxg3+ 34. Kf1 Qxe3 35. Re1 Qf3+ 36. Kg1 h4 37. Rf1 Qg3+ 38. Kh1 h3 39. Rg1 Qf3+
40. Kh2 Qf2+ 41. Kh1 Qxb2 42. Rg8+ Kc7 43. Rg7+ Kc6 44. Rg3 h2 45. Rg2 Qxc3 46.
Rxh2 Qxd4 47. Re2 Qd1+ 48. Kg2 Qxe2+ 49. Kg1 c3 50. Kh1 c2 51. a4 c1=Q# 0-1

[Event "Lichtenberger Sommer 2023"]
[Site "Berlin"]
[Date "2023.08.12"]
[Round "1.73"]
[White "Schmidt, Jürgen"]
[Black "Schülke, Rosalie"]
[Result "1/2-1/2"]
[WhiteElo "1891"]
[BlackElo "1387"]
[PlyCount "99"]
[EventDate "2023.??.??"]
[WhiteTeam "SC Kreuzberg e.V."]
[BlackTeam "SV Königsjäger Süd-West e.V."]

1. e4 e6 2. d4 d5 3. exd5 exd5 4. Nf3 Nf6 5. Bd3 Bd6 6. O-O O-O 7. h3 Be6 8.
Nc3 c6 9. Ne2 Qc7 10. b3 Nbd7 11. c4 b6 12. Be3 c5 13. Rc1 Qb7 14. Bf4 Be7 15.
Ng3 Rad8 16. Qe2 dxc4 17. bxc4 cxd4 18. Nxd4 Nc5 19. Nxe6 Nxe6 20. Be5 Rc8 21.
Bf5 Qc6 22. Bb2 Nf4 23. Qf3 Qxf3 24. gxf3 Rc5 25. Ba3 Re5 26. Bxe7 Rxe7 27.
Rcd1 Rfe8 28. Kh2 g6 29. Be4 Ne6 30. Bd5 Nf4 31. Ne4 N4xd5 32. cxd5 Nxe4 33.
fxe4 Rxe4 34. Rd3 Rd8 35. d6 Rd7 36. a3 Re6 37. Rfd1 Kf8 38. Kg3 Ke8 39. Rd4
Kd8 40. R1d3 Kc8 41. f3 Kb7 42. Kf4 f6 43. Kg3 Kc6 44. Rc3+ Kb7 45. Rcd3 Kc8
46. Rc3+ Kd8 47. Rcd3 Rb7 48. h4 h5 49. a4 Kd7 50. Rd5 1/2-1/2

[Event "Lichtenberger Sommer 2023"]
[Site "Berlin"]
[Date "2023.08.12"]
[Round "1.74"]
[White "Zesewitz, Uwe"]
[Black "Heppert, Lars"]
[Result "0-1"]
[WhiteElo "1378"]
[BlackElo "1887"]
[PlyCount "62"]
[EventDate "2023.??.??"]
[WhiteTeam "SV SF Friedrichshagen"]
[BlackTeam "SK Neuburg"]

1. f4 g6 2. Nf3 Bg7 3. e3 d6 4. Be2 c5 5. c3 e5 6. fxe5 dxe5 7. e4 Nc6 8. d3
Nf6 9. Nbd2 O-O 10. O-O b6 11. Nc4 Qc7 12. Ne3 Rd8 13. Qe1 Ba6 14. h3 Bxd3 15.
Bxd3 Rxd3 16. Ng4 Nxg4 17. hxg4 h6 18. Qe2 Rad8 19. Be3 Qd7 20. Ne1 Rd6 21. Kh2
Qe6 22. Kg3 Ne7 23. Rh1 f5 24. Bxh6 f4+ 25. Kf3 c4 26. Qf1 Rd2 27. Rb1 b5 28.
Bg5 R8d3+ 29. Nxd3 Rxd3+ 30. Ke2 Qxg4+ 31. Qf3 Rxf3 0-1

[Event "Lichtenberger Sommer 2023"]
[Site "Berlin"]
[Date "2023.08.12"]
[Round "1.75"]
[White "Matitschka, Heinz"]
[Black "Sauer, Jakob"]
[Result "1-0"]
[WhiteElo "1883"]
[BlackElo "1353"]
[PlyCount "143"]
[EventDate "2023.??.??"]
[WhiteTeam "TSG Oberschöneweide e.V."]
[BlackTeam "TSG Oberschöneweide e.V."]

1. d4 d5 2. c4 e6 3. Nc3 Nf6 4. cxd5 exd5 5. Bg5 Be7 6. e3 O-O 7. Bd3 c6 8. Qc2
g6 9. Nf3 Na6 10. a3 Nc7 11. O-O Ne6 12. Bh6 Ng7 13. Ne5 Ng4 14. Nxg4 Bxg4 15.
h3 Be6 16. b4 Bg5 17. Bxg5 Qxg5 18. Kh2 Nf5 19. Ne2 Qe7 20. Nf4 Qc7 21. Kg1
Nxd4 22. Qc3 Nf5 23. Bxf5 Bxf5 24. Nxd5 Qd8 25. Nf6+ Kh8 26. Nd7+ Kg8 27. Nxf8
Qxf8 28. Rfd1 Qg7 29. Qxg7+ Kxg7 30. Rd4 Rc8 31. Rc1 b6 32. f3 Be6 33. Kf2 c5
34. bxc5 bxc5 35. Rd3 c4 36. Rdc3 a5 37. Rb1 Rd8 38. Ke2 h6 39. Rb5 a4 40. Rb4
Ra8 41. e4 Kf6 42. Ke3 g5 43. Rb5 Ke7 44. f4 gxf4+ 45. Kxf4 Kf6 46. Rh5 Kg6 47.
Rc5 Kf6 48. Ke3 Rb8 49. Ra5 Rb3 50. Kd4 Rb2 51. g4 Rd2+ 52. Ke3 Rb2 53. Kf4
Rf2+ 54. Rf3 Rxf3+ 55. Kxf3 c3 56. Rc5 h5 57. Rxc3 hxg4+ 58. hxg4 Kg5 59. Rc5+
Kf6 60. Ra5 Bb3 61. Kf4 Kg6 62. Ra6+ Kg7 63. Kf5 Bc2 64. g5 Bb3 65. Ra7 Be6+
66. Ke5 Bb3 67. Ra6 Bc2 68. Kd4 Bb3 69. Kc3 Kh7 70. Kb4 Bc2 71. e5 Kg7 72. Rxa4
1-0

[Event "Lichtenberger Sommer 2023"]
[Site "Berlin"]
[Date "2023.08.12"]
[Round "1.76"]
[White "Maart, Hagen"]
[Black "Pröschild, Matthias"]
[Result "1/2-1/2"]
[WhiteElo "1334"]
[BlackElo "1883"]
[PlyCount "64"]
[EventDate "2023.??.??"]
[WhiteTeam "Kieler SG von 18"]
[BlackTeam "BSV 63 Chemie Weißensee"]

1. e4 d6 2. g3 Nf6 3. Bg2 g6 4. Nc3 Bg7 5. d3 O-O 6. Nf3 c5 7. O-O Nc6 8. Bd2
Rb8 9. a4 Bd7 10. Qc1 Re8 11. Re1 Ng4 12. Nd1 Qc8 13. Ne3 b5 14. axb5 Rxb5 15.
c3 Na5 16. Qc2 Qb8 17. Rab1 Nb3 18. Nxg4 Nxd2 19. Nxd2 Bxg4 20. e5 Rd8 21. exd6
Qxd6 22. Nc4 Qxd3 23. Qxd3 Rxd3 24. Rxe7 Bxc3 25. Ne3 Rd4 26. Nxg4 Rxg4 27. Bd5
Rd4 28. Bxf7+ Kf8 29. Rxa7 Rxb2 30. Rxb2 Bxb2 31. Rc7 Rd2 32. Bb3 Bd4 1/2-1/2